000 00258nam a22001097a 4500
008 160511b xxu||||| |||| 00| 0 eng d
020 _a027805919
041 _aeng
080 _a61
245 _aClincs in sports medicine:
_cMarc R. Safran MD;
942 _2udc
_cBK
999 _c2048
_d2048